Combinatorial group theory/ (Record no. 8730)
[ view plain ]
| 000 -LEADER | |
|---|---|
| fixed length control field | 00580nam a22002057a 4500 |
| 003 - CONTROL NUMBER IDENTIFIER | |
| control field | OSt |
| 005 - DATE AND TIME OF LATEST TRANSACTION | |
| control field | 20240624110039.0 |
| 008 - FIXED-LENGTH DATA ELEMENTS--GENERAL INFORMATION | |
| fixed length control field | 240624b |||||||| |||| 00| 0 eng d |
| 020 ## - INTERNATIONAL STANDARD BOOK NUMBER | |
| International Standard Book Number | 14310821 |
| 040 ## - CATALOGING SOURCE | |
| Transcribing agency | must |
| 082 ## - DEWEY DECIMAL CLASSIFICATION NUMBER | |
| Classification number | 510 LYN 2001 |
| 100 ## - MAIN ENTRY--PERSONAL NAME | |
| Personal name | Lyndon,Roger C. |
| 9 (RLIN) | 17648 |
| 245 ## - TITLE STATEMENT | |
| Title | Combinatorial group theory/ |
| Statement of responsibility, etc. | by Roger C. Lyndon and Paul E. Scchupp. |
| 260 ## - PUBLICATION, DISTRIBUTION, ETC. (IMPRINT) | |
| Place of publication, distribution, etc. | Berlin: |
| Name of publisher, distributor, etc. | Springer; |
| Date of publication, distribution, etc. | c2001. |
| 300 ## - PHYSICAL DESCRIPTION | |
| Extent | xiv,339p.: |
| Dimensions | 22cm. |
| 440 ## - SERIES STATEMENT/ADDED ENTRY--TITLE | |
| Title | Classics in mathematics. |
| 9 (RLIN) | 17649 |
| 504 ## - BIBLIOGRAPHY, ETC. NOTE | |
| Bibliography, etc | Includes subject index |
| 700 ## - ADDED ENTRY--PERSONAL NAME | |
| Personal name | Schupp,Paul E. |
| 9 (RLIN) | 17650 |
| 942 ## - ADDED ENTRY ELEMENTS (KOHA) | |
| Source of classification or shelving scheme | Other/Generic Classification Scheme |
| Koha item type | Open Shelf |
| Withdrawn status | Lost status | Source of classification or shelving scheme | Damaged status | Not for loan | Home library | Current library | Date acquired | Source of acquisition | Inventory number | Total Checkouts | Full call number | Barcode | Date last seen | Price effective from | Koha item type |
|---|---|---|---|---|---|---|---|---|---|---|---|---|---|---|---|
| Other/Generic Classification Scheme | MUST Main Library | MUST Main Library | 24/06/2024 | donation | 11/33135 | 510 LYN 2001 | 2024-21063 | 24/06/2024 | 24/06/2024 | Open Shelf |
